00484nam a22001337a 4500003000500000038001800005082000800023100002500031245013400056264003300190650002000223700005000243856005700293NUST aNusrat Nadeem a200 aGondal, Nouman Azfar aImpact of Global Fast Fashion Brands on the Sustainability Practices of Second Tier Suppliers in Pakistan/cNouman Azfar Gondal,  aIslamabad:NNBS NUST,c2026. a Executive MBA  aSupervisor: Dr. Yasmine Muhammad Javaid Iqbal uhttp://10.250.8.41:8080/xmlui/handle/123456789/57694